01131nam a2200325 a 4500001001000000003000900010005001700019007001000036008004100046020001800087020001500105040002200120092001900142100001800161245011400179260004400293300002700337500004200364650003600406650003600442700002600478700004000504700002500544910002000569942001200589945003800601952011300639956003800752999001500790000000042DO-SdBNP20180328102916.0000000042081112s2007 dr a 000 0 spa d a9789945161748 a9945161741 aBPMSUbspacBPMSU aRD863.5bM296a1 aManzano, Gina13aEl árbol del Awí /cGina Manzano ; edición Bismar Galán ; ilustraciones Ramiro Alberto Manzano Aybar  a[Santo Domingo] :bNew Horizons,c2007. a27 p. :bil. ;c24 cm. aIdea original de Diego Santos Manzano 4aCUENTOS INFANTILES DOMINICANOS 4aLITERATURA INFANTIL DOMINICANA1 aGalán, Bismar,eed.1 aManzano Aybar, Ramiro Alberto,eil.1 aRodríguez, Rubén aReusar registro 2ddccBK aRemanejado para la BPHU / 2018 VM 00102ddc40708INFaBPMETbBPMETd2015-01-29l0oRD863.5 M296apBPMSU15040910r2015-01-29w2015-01-29yBK aVMATEOb10c20150706lBPMSUh0069 c7280d7280